Hokejové legendy: Connor McDavid /
Connor McDavid sa po Sidneym Crosbym stal v devätnástich rokoch najmladším kapitánom mužstva v histórii NHL. Svoj tím Edmonton Oilers doviedol k viacerým úspechom a aj vďaka nemu sa tento tím stal jedným z najobľúbenejších v lige.
Uloženo v:
| Hlavní autor: | |
|---|---|
| Médium: | E-kniha |
| Jazyk: | Czech |
| Vydáno: |
Praha :
Albatros Media Slovakia s.r.o.,
2026
|
| Tagy: |
Žádné tagy |
| LEADER | 01216nam a22002297i 4500 | ||
|---|---|---|---|
| 001 | 302757 | ||
| 007 | ta | ||
| 008 | 260514s2026 xr ||||| |||| 00| 0 cze d | ||
| 020 | |a 9788056652169 | ||
| 044 | |a xr | ||
| 100 | 1 | |a Godwinová, Millie |4 aut | |
| 245 | 1 | 0 | |a Hokejové legendy: Connor McDavid / |c Godwinová, Millie |
| 240 | 1 | 0 | |a Hockey Legends: Connor McDavid |
| 264 | 1 | |a Praha : |b Albatros Media Slovakia s.r.o., |c 2026 | |
| 300 | |a 1 online zdroj (128 stran) | ||
| 336 | |a text |b txt |2 rdacontent | ||
| 337 | |a bez média |b n |2 rdamedia | ||
| 338 | |a online zdroj |b cr |2 rdacarrier | ||
| 520 | 2 | |a Connor McDavid sa po Sidneym Crosbym stal v devätnástich rokoch najmladším kapitánom mužstva v histórii NHL. Svoj tím Edmonton Oilers doviedol k viacerým úspechom a aj vďaka nemu sa tento tím stal jedným z najobľúbenejších v lige. | |
| 910 | |a RBIT002 | ||
| 998 | |d 427015 |a https://core.palmknihy.cz/api/books/427015/cover?tesgio |b https://core.palmknihy.cz/api/books/427015/cover/400?tesgio |c https://core.palmknihy.cz/api/books/427015/cover/50?tesgio |e 2031-04-24 |g 128 |i 9788056652169 |k https://core.palmknihy.cz/api/books/427015/preview.pdf |l |q 49 |r 1 |s https://www.palmknihy.cz/kniha/427015 |t ebook |y 2026 |z 1 | ||
| 999 | |d 302755 | ||